|
|
|
|
| LEADER |
00000nam0a2200000 4500 |
| 001 |
308744 |
| 005 |
20231102002125.0 |
| 035 |
|
|
|a (RuTPU)RU\TPU\book\334065
|
| 090 |
|
|
|a 308744
|
| 100 |
|
|
|a 20151106d2012 km y0rusy50 ca
|
| 101 |
0 |
|
|a rus
|
| 102 |
|
|
|a UA
|
| 105 |
|
|
|a a z 001zy
|
| 200 |
1 |
|
|a Электроннолучевая сварка буровых долот
|f О. К. Назаренко [и др.]
|
| 210 |
|
|
|a Киев
|c Изд-во ИЭС
|d 2012
|
| 215 |
|
|
|a 113 с.
|c ил.
|
| 320 |
|
|
|a Библиогр.: с. 115.
|
| 330 |
|
|
|a Представлены результаты теоретических и экспериментальных исследований свариваемости высокопрочных среднелегированных сталей 14ХНЗА, 40ХН и 14ХНЗМА, из которых традиционно изготавливаются буровые долота, а также анализа влияния основных параметров режима ЭЛС, технологических приемов, развертки пучка и модифицирующих вставок, применяемых для управления структурообра-зованием, предупреждения кристаллизационного растрескивания и повышения прочностных характеристик сварных соединений. В соответствии с полученными результатами и современными требованиями в ИЭС им. Е.О. Патона НАНУ выполнены проектно-конструкторские разработки и изготовлена установка для ЭЛС одновременно трех стыковых соединений тремя пушками, что значительно повышает производительность и экономическую эффективность промышленного производства буровых долот. Приведены технические характеристики разработанного оборудования и описаны компьютерные технологические программы ЭЛС с применением модификаторов металла шва.Книга предназначена для инженерно-технических работников машиностроительных предприятий и институтов, специализирующихся в области высоких технологий и современного сварочного оборудования.
|
| 606 |
1 |
|
|a Буровые долота
|x Сварка
|2 stltpush
|3 (RuTPU)RU\TPU\subj\75136
|9 87007
|
| 610 |
1 |
|
|a электролучевая сварка
|
| 610 |
1 |
|
|a оборудование
|
| 610 |
1 |
|
|a сварные швы
|
| 610 |
1 |
|
|a модификаторы
|
| 610 |
1 |
|
|a сварные соединения
|
| 610 |
1 |
|
|a свойства
|
| 610 |
1 |
|
|a компьютерные программы
|
| 610 |
1 |
|
|a алмазные долота
|
| 675 |
|
|
|a 622.24.051
|v 4
|
| 701 |
|
1 |
|a Назаренко
|b О. К.
|
| 701 |
|
1 |
|a Нестеренков
|b В. М.
|
| 701 |
|
1 |
|a Бондарев
|b А. А.
|
| 701 |
|
1 |
|a Кравчук
|b Л. А.
|
| 701 |
|
1 |
|a Архангельский
|b Ю. А.
|
| 801 |
|
1 |
|a RU
|b 63413507
|c 20151106
|
| 801 |
|
2 |
|a RU
|b 63413507
|c 20160303
|g RCR
|
| 900 |
|
|
|a Сварка специальных сталей и сплавов
|
| 942 |
|
|
|c BK
|
| 959 |
|
|
|a 139/20151106
|d 2
|e 1000,00
|f ЧЗТЛ:1
|f УФ:1
|